| 000 | 00491ntaaa2200193 4500 | ||
|---|---|---|---|
| 003 | 01 | ||
| 005 | 20251027202927.0 | ||
| 008 | 0714s1973 ag 01 | ||
| 040 |
_aAR-BaBN _bspa _cAR-BaBN _eaacr _dRIC |
||
| 082 | _a922.4000 W43 | ||
| 100 |
_aWeinlick, John R _929828 |
||
| 245 | _aCount Zinzendorf | ||
| 250 | _a1 ed. | ||
| 260 |
_aNashville : _bAbingdon Press, _c1956 |
||
| 300 | _a240 p | ||
| 650 |
_aMoravos _91426 |
||
| 650 |
_aZinzerdorf, Nicolás Ludwig, Conde de _929829 |
||
| 942 | _cBK | ||
| 999 |
_c24515 _d24515 |
||